Изучение спонтанной модификации стеклоуглеродного электрода АСД; ХХII Всероссийская конференция молодых учёных-химиков (с международным участием)

Dettagli Bibliografici
Parent link:ХХII Всероссийская конференция молодых учёных-химиков (с международным участием).— 2019.— [С. 291]
Autore principale: Гусар А. О. Анна Олеговна
Ente Autore: Национальный исследовательский Томский политехнический университет Инженерная школа природных ресурсов Отделение химической инженерии
Altri autori: Семенова И. В. Ирина Владимировна
Riassunto:Заглавие с экрана
Lingua:russo
Pubblicazione: 2019
Soggetti:
Accesso online:http://www.youngchem-conf.unn.ru/wp-content/uploads/2019/04/XXII_KMUKh-2019_s_oblozhkoy_compressed.pdf#page=292
Natura: MixedMaterials Elettronico Capitolo di libro
KOHA link:https://koha.lib.tpu.ru/cgi-bin/koha/opac-detail.pl?biblionumber=661378

MARC

LEADER 00000naa0a2200000 4500
001 661378
005 20250829133553.0
035 |a (RuTPU)RU\TPU\network\31753 
035 |a RU\TPU\network\30821 
090 |a 661378 
100 |a 20191210d2019 k y0rusy50 ca 
101 0 |a rus 
102 |a RU 
135 |a drcn ---uucaa 
181 0 |a i  
182 0 |a b 
200 1 |a Изучение спонтанной модификации стеклоуглеродного электрода АСД  |f А. О. Гусар, И. В. Семенова 
203 |a Текст  |c электронный 
300 |a Заглавие с экрана 
463 |t ХХII Всероссийская конференция молодых учёных-химиков (с международным участием)  |o тезисы докладов, 23-25 апреля 2019, Нижний Новгород  |f Нижегородский государственный университет им. Н. И. Лобачевского (ННГУ)  |v [С. 291]  |d 2019 
610 1 |a электронный ресурс 
610 1 |a труды учёных ТПУ 
610 1 |a стеклоуглеродные электроды 
700 1 |a Гусар  |b А. О.  |c химик  |c инженер Томского политехнического университета  |f 1992-  |g Анна Олеговна  |3 (RuTPU)RU\TPU\pers\41358 
701 1 |a Семенова  |b И. В.  |g Ирина Владимировна 
712 0 2 |a Национальный исследовательский Томский политехнический университет  |b Инженерная школа природных ресурсов  |b Отделение химической инженерии  |3 (RuTPU)RU\TPU\col\23513 
801 2 |a RU  |b 63413507  |c 20191210  |g RCR 
856 4 |u http://www.youngchem-conf.unn.ru/wp-content/uploads/2019/04/XXII_KMUKh-2019_s_oblozhkoy_compressed.pdf#page=292 
942 |c CF